[Event "BCF-chT2 1011 (4NCL)"]
[Site "England"]
[Date "2010.11.07"]
[Round "2.74"]
[White "Coddington, Oliver"]
[Black "Dilleigh, Stephen P"]
[Result "1/2-1/2"]
[WhiteElo "1981"]
[BlackElo "2098"]
[PlyCount "95"]
[EventDate "2010.11.06"]
[EventType "team-swiss"]
[EventRounds "11"]
[EventCountry "ENG"]
[SourceTitle "EXT 2012"]
[Source "ChessBase"]
[SourceDate "2011.11.24"]
[SourceVersion "1"]
[SourceVersionDate "2011.11.24"]
[SourceQuality "1"]
[WhiteTeam "Sambuca Black Sheep"]
[BlackTeam "Bristol"]
[WhiteTeamCountry "ENG"]
[BlackTeamCountry "ENG"]

1. g4 d5 2. h3 e5 3. c4 d4 4. Bg2 c5 5. d3 Nc6 6. Nf3 Nge7 7. Bg5 f6 8. Bh4 Ng6 9. Bg3 Bd6 10. Nbd2 Nf4 11. Bxf4 exf4 12. Ne4 f5 13. Nxd6+ Qxd6 14. gxf5 Bxf5 15. Qa4 Bd7 16. Ng5 Qe7 17. h4 h6 18. Ne4 Ne5 19. Qa5 Bc6 20. 0-0-0 0-0 21. Bf3 b6 22. Qd2 Nxc4 23. dxc4 Bxe4 24. Bxe4 Qxe4 25. Qd3 Rae8 26. Kd2 f3 27. Qxe4 Rxe4 28. Rde1 Rfe8 29. e3 Rd8 30. Kd3 Rg4 31. b3 Rf8 32. Rh3 h5 33. Reh1 Rf6 34. R1h2 dxe3 35. Kxe3 Rd4 36. Rg3 Rd1 37. Rg5 Re1+ 38. Kd3 Re2 39. Rxh5 Rxa2 40. Re5 Kf7 41. Re3 Rf4 42. h5 a5 43. Re4 Rf6 44. Rg4 Rb2 45. Kc3 Re2 46. Rg5 Rf4 47. Rd5 Rf6 48. Rd7+ 1/2-1/2

[Event "BCF-chT1a 0809 (4NCL)"]
[Site "England"]
[Date "2008.12.07"]
[Round "4.6"]
[White "James, David J"]
[Black "Coddington, Oliver"]
[Result "1-0"]
[WhiteElo "2137"]
[BlackElo "1975"]
[PlyCount "77"]
[EventDate "2008.10.04"]
[EventType "team-tourn"]
[EventRounds "7"]
[EventCountry "ENG"]
[SourceTitle "CBM 127 Extra"]
[Source "ChessBase"]
[SourceDate "2009.01.08"]
[SourceVersion "2"]
[SourceVersionDate "2009.01.28"]
[SourceQuality "1"]
[WhiteTeam "SW Dragons"]
[BlackTeam "Sambuca Sharks"]
[WhiteTeamCountry "ENG"]
[BlackTeamCountry "ENG"]

1. Nf3 f5 2. d4 Nf6 3. c4 b6 4. g3 Bb7 5. Bg2 e6 6. 0-0 Be7 7. Nc3 0-0 8. d5 exd5 9. cxd5 Bb4 10. Nh4 Ne8 11. Qb3 Bd6 12. Bf4 Kh8 13. Bxd6 Nxd6 14. e4 Qf6 15. Nxf5 Nxf5 16. exf5 Qxf5 17. Be4 Qg4 18. Qc2 Na6 19. Rfe1 Rae8 20. a3 Qh5 21. b4 Qe5 22. Re3 Qh5 23. Rae1 c6 24. dxc6 Bxc6 25. Qe2 Qxe2 26. R1xe2 Nc7 27. Bxc6 dxc6 28. Re7 Rc8 29. Rd7 Rfd8 30. Ree7 Rxd7 31. Rxd7 Kg8 32. Ne4 Nb5 33. a4 Na3 34. Rxa7 c5 35. bxc5 bxc5 36. Nc3 c4 37. a5 Rb8 38. a6 Nb5 39. Rb7 1-0

[Event "BCF-chT3 0708 (4NCL)"]
[Site "Sunningdale"]
[Date "2008.05.03"]
[Round "9.6"]
[White "Hawkins, James Nick"]
[Black "Coddington, Oliver"]
[Result "1-0"]
[WhiteElo "2007"]
[BlackElo "1993"]
[PlyCount "27"]
[EventDate "2007.09.15"]
[EventType "team-tourn"]
[EventRounds "11"]
[EventCountry "ENG"]
[SourceTitle "EXT 2023"]
[Source "ChessBase"]
[SourceDate "2022.10.05"]
[SourceVersion "1"]
[SourceVersionDate "2022.10.05"]
[SourceQuality "1"]
[WhiteTeam "Mindsports"]
[BlackTeam "Slough Sharks III"]
[WhiteTeamCountry "ENG"]
[BlackTeamCountry "ENG"]

1. e4 f6 2. d4 Kf7 3. Nc3 h5 4. Be2 h4 5. Be3 e6 6. d5 e5 7. Bc4 d6 8. Qd2 g6 9. 0-0-0 a6 10. h3 b5 11. Bb3 Nd7 12. Nge2 Bh6 13. f4 Nc5 14. fxe5 1-0

[Event "BCF-chT3 0708 (4NCL)"]
[Site "Sunningdale"]
[Date "2008.01.12"]
[Round "5.6"]
[White "Coddington, Oliver"]
[Black "Campbell, Mark C"]
[Result "1-0"]
[WhiteElo "1972"]
[BlackElo "2005"]
[PlyCount "79"]
[EventDate "2007.09.15"]
[EventType "team-tourn"]
[EventRounds "11"]
[EventCountry "ENG"]
[SourceTitle "EXT 2023"]
[Source "ChessBase"]
[SourceDate "2022.10.05"]
[SourceVersion "1"]
[SourceVersionDate "2022.10.05"]
[SourceQuality "1"]
[WhiteTeam "Slough Sharks III"]
[BlackTeam "Cambridge II"]
[WhiteTeamCountry "ENG"]
[BlackTeamCountry "ENG"]

1. g4 d5 2. h3 e5 3. Bg2 c6 4. d3 Bd6 5. Nd2 Ne7 6. c4 Be6 7. Ngf3 f5 8. Qb3 fxg4 9. Ng5 Bg8 10. Qxb7 Nd7 11. Nb3 a5 12. cxd5 cxd5 13. d4 a4 14. Nc5 Bxc5 15. dxc5 Nxc5 16. Qb5+ Nd7 17. hxg4 Ra5 18. Qd3 e4 19. Qc3 Nf6 20. Bf4 Rb5 21. Be5 Qa5 22. Qxa5 Rxa5 23. Rc1 Ra8 24. Kd2 Ng6 25. Bd4 h6 26. Rc7 Kf8 27. Bc5+ Ke8 28. Rxg7 hxg5 29. Rxg6 Rxh1 30. Rxf6 Rh2 31. Rf8+ Kd7 32. Rxa8 Rxg2 33. Rxg8 Rxg4 34. Be3 Rg1 35. Rxg5 Rb1 36. Rxd5+ Ke6 37. Rb5 a3 38. Rb6+ Kd5 39. bxa3 Ra1 40. Rb2 1-0

[Event "BCF-chT4a 0405 (4NCL)"]
[Site "Telford"]
[Date "2005.05.28"]
[Round "9.6"]
[White "Coddington, Oliver"]
[Black "Parmar, Jyoti"]
[Result "1-0"]
[WhiteElo "1962"]
[BlackElo "1565"]
[PlyCount "65"]
[EventDate "2004.11.06"]
[EventType "team-tourn"]
[EventRounds "11"]
[EventCountry "ENG"]
[SourceTitle "EXT 2006"]
[Source "ChessBase"]
[SourceDate "2005.11.24"]
[SourceVersion "1"]
[SourceVersionDate "2005.11.24"]
[SourceQuality "1"]
[WhiteTeam "Slough Sharks IV"]
[BlackTeam "Hilsmark Kingfisher III"]
[WhiteTeamCountry "ENG"]
[BlackTeamCountry "ENG"]

1. d4 d5 2. Nf3 Nf6 3. g3 Bf5 4. c4 c6 5. Bg2 dxc4 6. Nc3 b5 7. Ne5 Qb6 8. a4 b4 9. a5 Qc7 10. Na2 e6 11. Qa4 Be4 12. f3 Bf5 13. Nxb4 Bxb4+ 14. Qxb4 h6 15. e4 Bh7 16. Bd2 Na6 17. Qxc4 Nb8 18. Bb4 a6 19. 0-0 Nh5 20. Rfc1 Kd8 21. Bc5 Ke8 22. Bb6 Qb7 23. Qa4 Nf6 24. Nxc6 Nxc6 25. Rxc6 Nd7 26. Rc7 Qxc7 27. Bxc7 Ke7 28. Qb4+ Ke8 29. Rc1 Rc8 30. Qb7 Ke7 31. Bd6+ Kxd6 32. Rxc8 Rxc8 33. Qxc8 1-0

[Event "BCF-chT4a 0405 (4NCL)"]
[Site "Telford"]
[Date "2004.11.07"]
[Round "2.6"]
[White "Coddington, Oliver"]
[Black "Varnam, Liam"]
[Result "1/2-1/2"]
[WhiteElo "1962"]
[BlackElo "2085"]
[PlyCount "73"]
[EventDate "2004.11.06"]
[EventType "team-tourn"]
[EventRounds "11"]
[EventCountry "ENG"]
[SourceTitle "EXT 2006"]
[Source "ChessBase"]
[SourceDate "2005.11.24"]
[SourceVersion "1"]
[SourceVersionDate "2005.11.24"]
[SourceQuality "1"]
[WhiteTeam "Slough Sharks IV"]
[BlackTeam "Slough Sharks II"]
[WhiteTeamCountry "ENG"]
[BlackTeamCountry "ENG"]

1. d4 d5 2. Nf3 Nf6 3. g3 e6 4. Bg2 Be7 5. 0-0 0-0 6. b3 Ne4 7. Bb2 f5 8. Ne5 g5 9. f3 Nf6 10. Qd2 Nh5 11. e4 f4 12. g4 Nf6 13. c4 Nbd7 14. Nxd7 Bxd7 15. e5 Ne8 16. Re1 Ng7 17. Bf1 h5 18. h3 hxg4 19. hxg4 Kf7 20. Be2 Rh8 21. Kg2 Rh4 22. Nc3 Qh8 23. Rh1 dxc4 24. bxc4 Bc6 25. Ne4 Bxe4 26. fxe4 Qh7 27. Bf3 Rh8 28. Rxh4 Qxh4 29. Qf2 Qh3+ 30. Kg1 Bb4 31. Rd1 Rd8 32. Qg2 Qh8 33. Qh2 Qxh2+ 34. Kxh2 Ne8 35. Kg2 b6 36. d5 Ng7 37. Be2 1/2-1/2

[Event "Internet Section 06B g/8'+2\""]
[Site "Dos Hermanas"]
[Date "2004.03.06"]
[Round "3"]
[White "Pivnik, Vladimir"]
[Black "Coddington, Oliver"]
[Result "1-0"]
[WhiteElo "2543"]
[BlackElo "2051"]
[PlyCount "55"]
[EventDate "2004.03.06"]
[EventType "swiss (blitz)"]
[EventRounds "9"]
[EventCountry "ESP"]
[SourceTitle "CBM 099 Extra"]
[Source "ChessBase"]
[SourceDate "2004.05.04"]
[SourceVersion "1"]
[SourceVersionDate "2004.05.04"]
[SourceQuality "1"]

1. e4 g6 2. d3 c5 3. Nd2 Bg7 4. Ngf3 Nc6 5. c3 e5 6. Be2 d6 7. 0-0 h5 8. a3 h4 9. h3 Nf6 10. b4 Nh5 11. Nc4 Nf4 12. Bxf4 exf4 13. d4 0-0 14. bxc5 dxc5 15. d5 Na5 16. e5 Nxc4 17. Bxc4 Kh8 18. Qd2 g5 19. Rfe1 Bf5 20. Bd3 Bd7 21. Rab1 Bc8 22. c4 Re8 23. Bc2 f5 24. exf6 Bxf6 25. Qd3 Re7 26. Qg6 Qf8 27. Rxe7 Qxe7 28. Re1 1-0

[Event "BCF-chT4 0304 (4NCL)"]
[Site "West Bromwich "]
[Date "2003.11.23"]
[Round "2.5"]
[White "Hayes, Lance"]
[Black "Coddington, Oliver"]
[Result "0-1"]
[WhiteElo "1240"]
[BlackElo "1897"]
[PlyCount "54"]
[EventDate "2003.10.??"]
[EventType "team-tourn"]
[EventRounds "11"]
[EventCountry "ENG"]
[SourceTitle "EXT 2005"]
[Source "ChessBase"]
[SourceDate "2004.11.15"]
[SourceVersion "1"]
[SourceVersionDate "2004.11.15"]
[SourceQuality "1"]
[WhiteTeam "The ADS III"]
[BlackTeam "Slough III"]
[WhiteTeamCountry "ENG"]
[BlackTeamCountry "ENG"]

1. d4 Nf6 2. Nc3 d5 3. Nf3 Bf5 4. e3 e6 5. a3 Nbd7 6. Bd3 Ne4 7. Bxe4 dxe4 8. Nd2 Nf6 9. f3 exf3 10. Nxf3 c6 11. Qe2 Ne4 12. Nxe4 Bxe4 13. Nd2 Bxc2 14. Nf3 Be4 15. 0-0 Be7 16. b4 0-0 17. Bb2 Qd5 18. Nd2 f5 19. Nf3 a5 20. bxa5 Rxa5 21. Nd2 Qb5 22. Qc4 Bd5 23. Qxb5 Rxb5 24. a4 Rxb2 25. Nf3 Ra8 26. Ne1 Bb4 27. Nd3 Rxg2+ 0-1

[Event "BCF-chT4 0203 (4NCL)"]
[Site "Telford"]
[Date "2002.11.10"]
[Round "2.4"]
[White "Fraser, Joe"]
[Black "Coddington, Oliver"]
[Result "0-1"]
[WhiteElo "1448"]
[BlackElo "1776"]
[PlyCount "102"]
[EventDate "2002.11.??"]
[EventType "team"]
[EventRounds "7"]
[EventCountry "ENG"]
[SourceTitle "EXT 2004"]
[Source "ChessBase"]
[SourceDate "2003.11.25"]
[SourceVersion "1"]
[SourceVersionDate "2003.11.25"]
[SourceQuality "1"]
[WhiteTeam "Sussex Mindsports"]
[BlackTeam "Slough III"]
[WhiteTeamCountry "ENG"]
[BlackTeamCountry "ENG"]

1. e4 d6 2. d4 Nf6 3. Nc3 c6 4. Be3 Qb6 5. Qd2 Qxb2 6. Rb1 Qa3 7. Bd3 Ng4 8. Nge2 Nxe3 9. fxe3 e5 10. 0-0 Be7 11. Ng3 g6 12. Rf2 f6 13. Nce2 Bd8 14. Rbf1 Nd7 15. c3 Qa5 16. Qc2 a6 17. Nh1 h5 18. Nc1 b5 19. h3 Qc7 20. g4 Nf8 21. Qe2 hxg4 22. hxg4 Qh7 23. Ng3 Qh3 24. Rg2 Qxg4 25. Qf2 Qe6 26. d5 Qd7 27. c4 c5 28. Qe2 bxc4 29. Bxc4 Qa4 30. Bb3 Qa5 31. Nd3 Bd7 32. Nb2 Bb5 33. Bc4 Rb8 34. a4 Bxc4 35. Nxc4 Qc7 36. a5 Qd7 37. Qa2 Rb5 38. Ne2 Ke7 39. Nc3 Rb7 40. Na4 Qh3 41. Kf2 Qh4+ 42. Kf3 Nh7 43. Nab6 Ng5+ 44. Ke2 Bxb6 45. axb6 Qxe4 46. Rff2 Qxd5 47. Qxa6 Ne4 48. Rxg6 Nc3+ 49. Kf1 Qd1+ 50. Kg2 Qh1+ 51. Kg3 Qh3# 0-1